| 000 | 01062nac a22003017a 4500 | ||
|---|---|---|---|
| 001 | BR0304564 | ||
| 003 | BR-BrBNA | ||
| 005 | 20240105122902.0 | ||
| 008 | 230509b bl.|||m| |||| 00| 0 por d | ||
| 040 |
_aBR-BrBNA _bpor _cBiblioteca Nacional de Agricultura |
||
| 072 | _aF01 | ||
| 090 | _a1821 BR0304564 | ||
| 100 | 1 | _aFerreira, J.M. | |
| 100 | 1 | _aAndrade, W.E. de B. | |
| 100 | 1 | _aCaetano, L.C.S. | |
| 100 | 1 | _aSouza Filho, B.F. de | |
| 110 | 1 | _aEmpresa de Pesquisa Agropecuária do Estado do Rio de Janeiro, Niterói (Brasil) | |
| 245 | 1 | _aA cultura do maxixe (Cucumis anguria L.); recomendações técnicas para a microbacia de Rio Doce; município São João da Barra | |
| 260 | 3 |
_aNiterói, RJ (Brasil): _c2001. |
|
| 300 | _a6 p. | ||
| 490 |
_aDocumentos - EMPRESA de Pesquisa Agropecuária do Estado do Rio de Janeiro (Brazil) _vno. 69 _xISSN 1413-3903 |
||
| 650 | _aMAXIXE | ||
| 650 | _aPRÁTICA CULTURAL | ||
| 650 | _aADUBAÇÃO | ||
| 650 | _aIRRIGAÇÃO | ||
| 909 |
_a202312 _bLúcia Elande _c55 _dLúcia Elande |
||
| 942 |
_2AGRIS _n0 _cMS |
||
| 999 |
_c293184 _d293184 |
||